Sports Quiz

Random Sports Quiz

2009 Seattle Seahawks Quiz Stats

 Plays Quiz not verified by Sporcle

Challenge
Share
Tweet
Embed
Score 0/29 Timer 07:00
0 Plays Today
% Correct
Matt Hasselbeck
96.4%
Seneca Wallace
82.1%
Julius Jones
82.1%
John Carlson
62.5%
Walter Jones
58.9%
Justin Forsett
55.4%
Nate Burleson
51.8%
Deion Branch
50%
TJ Houshmandzadeh
50%
Owen Schmitt
33.9%
Mike Teel
32.1%
Sean Locklear
32.1%
Chris Spencer
32.1%
Max Unger
32.1%
Deon Butler
30.4%
% Correct
Louis Rankin
17.9%
Justin Griffith
17.9%
Cameron Morrah
17.9%
Rob Sims
17.9%
Ray Willis
16.1%
John Owens
8.9%
Damion McIntosh
7.1%
Mansfield Wrotto
7.1%
Steve Vallos
5.4%
Mike Gibson
5.4%
Benjamin Obomanu
3.6%
Mike Hass
1.8%
Patrick Carter
0%
Michael Jones
0%

You're not logged in!

Compare scores with friends on all Sporcle quizzes.
OR
Log In

You Might Also Like...

Show Comments

Extras

Created Feb 10, 2010ReportNominate
Tags:2009, Seattle, Seattle Seahawks

Top Quizzes Today


Score Distribution

Your Account Isn't Verified!

In order to create a playlist on Sporcle, you need to verify the email address you used during registration. Go to your Sporcle Settings to finish the process.

Report this User

Report this user for behavior that violates our Community Guidelines.

Details: